Chemie Vokabeltest - Säure & Basen - Statistiken

Allgemein
  • Dieses Quiz wurde 142 mal gespielt
  • Das Durchschnittsergebnis liegt bei 7 aus 15
Antwortstatistiken
Hint Antwort % Korrekt
HCl Salzsäure / Chlorwasserstoff / Hydrogenchlorid
94%
H₂SO₄ Schwefelsäure
70%
H₂O Wasser
70%
NH₃ Ammoniak
66%
H₂CO₃ Kohlensäure
56%
CH₃COOH Essigsäure
53%
H₃PO₄ Phosphorsäure
51%
HNO₃ Salpetersäure
49%
HBr Bromwasserstoff
46%
HCOOH Ameisensäure / Methansäure
37%
Cl⁻ Chlorid-Ion
37%
CO₃²⁻ Carbonat-Ion
25%
CH₃COO⁻ Acetat-Ion
17%
H₂PO₄⁻ Dihydrogenphosphat-Ion
13%
HS⁻ Hydrogensulfid-Ion
10%
Keine übereinstimmenden Quizze gefunden
Verteilung der Resultate
Anzahl Personen mit jedem Resultat
Perzentil nach korrekt beantworteten Fragen
Ihre Resultats-Entwicklung
Sie haben dieses Quiz noch nicht gespielt